000
00281nam a22001217a 4500
008
180924b xxu||||| |||| 00| 0 eng d
041
_a
eng
080
_a
159.9
100
_a
48
101
_a
PSI
245
_a
Understanding Child abuse and neglect
_c
Petersen,A.C
942
_2
udc
_c
BK
999
_c
48323
_d
48323